000 01933cam a2200349Ii 4500
001 9781315850474
008 180706s2009 enkad ob 001 0 eng d
020 _a9781315850474
_q(e-book : PDF)
020 _a9781317912781
_q(e-book: Mobi)
020 _a9781317912798
_q(e-book: ePub)
020 _a9781317912804
_q(e-book: PDF)
020 _z9781843117711
_q(hardback)
024 7 _a10.4324/9781315850474
_2doi
040 _aKO
_beng
041 0 _aeng
082 0 4 _a387
_bF996
245 0 0 _aFuture challenges for the port and shipping sector /
_cedited by Hilde Meersman, Eddy Van de Voorde and Thierry Vanelslander.
264 1 _aLondon :
_bInforma,
_c2009.
300 _a1 online resource (xxi, 174 pages)
490 1 _aGrammenos library
504 _aIncludes bibliographical references (pages 161-170) and index.
505 0 _ach. 1. Maritime traffic and the world economy / Hilde Meersman -- ch. 2. The future of ships and shipbuilding : a look into the crystal ball / Hans Hopman and Ubald Nienhuis -- ch. 3. Future developments in ports / Enrico Musso -- ch. 4. Global economic changes and the future of port authorities / Antonio Estache and Lourdes Trujillo -- ch. 5. The economic fabric of ports / Hilde Meersman, Eddy Van de Voorde and Thierry Vanelslander -- ch. 6. Bottlenecks of efficiency and the development of port business / Rosario Macario and Jose Viega -- ch. 7. Developments and issues in shipping finance / Costas Th. Grammenos -- ch. 8. Scenarios and strategies for the port and shipping sector / Hilde Meersman, Eddy Van de Voorde and Thierry Vanelslander.
650 0 _aShipping
_xEconomic aspects.
700 1 _aMeersman, Hilde.
700 1 _aVanelslander, Thierry.
700 1 _aVoorde, E. van de
_q(Eddy)
830 0 _aGrammenos library.
856 4 0 _uhttps://www.taylorfrancis.com/books/9781315850474
_zClick here to view.
904 _aRUDRA_R
905 _aR_RANJAN
942 _cEB
999 _c3078
_d3078